[Event "Tradewise Gibraltar AmatWk1"]
[Site "Gibraltar"]
[Date "2016.01.26"]
[Round "2.5"]
[White "Kuenitz, Klaus"]
[Black "Gonzalez Pabollet, Jesus Maria"]
[Result "1/2-1/2"]
[WhiteElo "1778"]
[BlackElo "1854"]
[PlyCount "126"]
[EventDate "2016.01.25"]
[EventType "swiss"]
[EventRounds "5"]
[EventCountry "GGB"]
[SourceTitle "BritBase"]
[Source "www.saund.co.uk"]
[SourceDate "2018.02.10"]
[SourceVersion "1"]
[SourceVersionDate "2018.02.10"]
[SourceQuality "1"]

1. d4 Nf6 2. c4 e6 3. Nf3 d5 4. Bg5 c6 5. e3 Be7 6. Nc3 O-O 7. Bd3 b6 8. O-O
Bb7 9. Rc1 Nbd7 10. Qe2 c5 11. Rfd1 Ne4 12. Bxe7 Nxc3 13. Bxh7+ Kh8 14. bxc3
Qxe7 15. Bb1 g6 16. cxd5 exd5 17. g3 Kg7 18. h4 Rh8 19. Kg2 Rae8 20. Rh1 Nf6
21. Ne5 Nd7 22. Nf3 Nf6 23. Ne5 Nd7 24. Nxd7 Qxd7 25. Bd3 c4 26. Bc2 Bc6 27.
Bd1 Qc8 28. Qf3 Bd7 29. Qe2 Re7 30. Qd2 Qe8 31. Bf3 Qa8 32. Rce1 Bf5 33. h5
gxh5 34. Bxh5 Re6 35. Bf3 Reh6 36. Rxh6 Rxh6 37. Rh1 Rxh1 38. Kxh1 Qc6 39. Kg1
Qb5 40. Bg2 Bg4 41. f3 Qb1+ 42. Kf2 Bf5 43. e4 dxe4 44. fxe4 Bxe4 45. Qg5+ Bg6
46. Qd2 Qf5+ 47. Kg1 Qb1+ 48. Kh2 Qd3 49. Qxd3 Bxd3 50. Kh3 Bf5+ 51. g4 Bb1 52.
a3 Kf6 53. Kg3 Ke6 54. Kf4 f6 55. Bh3 a6 56. g5+ Kf7 57. Bc8 a5 58. Bb7 fxg5+
59. Kxg5 Ke6 60. Kf4 Kd6 61. Bf3 b5 62. Ke3 Bf5 63. Bh5 Bd7 1/2-1/2

[Event "Tradewise Gibraltar AmatWk1"]
[Site "Gibraltar"]
[Date "2016.01.26"]
[Round "2.6"]
[White "Joachim, Rodny"]
[Black "D'haluin, Wim"]
[Result "1-0"]
[WhiteElo "1659"]
[BlackElo "1846"]
[PlyCount "99"]
[EventDate "2016.01.25"]
[EventType "swiss"]
[EventRounds "5"]
[EventCountry "GGB"]
[SourceTitle "BritBase"]
[Source "www.saund.co.uk"]
[SourceDate "2018.02.10"]
[SourceVersion "1"]
[SourceVersionDate "2018.02.10"]
[SourceQuality "1"]

1. e4 c5 2. Nf3 Nc6 3. d4 cxd4 4. Nxd4 g6 5. c4 Bg7 6. Be3 Nf6 7. Nc3 d6 8. Be2
Bd7 9. O-O O-O 10. Qd2 Rc8 11. f3 Qa5 12. Nb3 Qd8 13. Rac1 b6 14. Kh1 Ne8 15.
f4 f5 16. Bf3 Nf6 17. Rfd1 fxe4 18. Nxe4 Ng4 19. Bg1 Rc7 20. Ng5 Nh6 21. Bxc6
Rxc6 22. Qd5+ Kh8 23. Ne6 Bxe6 24. Qxc6 Bxb2 25. Bd4+ Bxd4 26. Nxd4 Bd7 27. Qd5
Ng4 28. Qf3 Qc8 29. h3 Ne5 30. Qe3 Nc6 31. Kh2 Qd8 32. Nxc6 Bxc6 33. Re1 Rf7
34. Qd4+ Kg8 35. Re3 Qf8 36. Rf1 e5 37. Qd2 Rxf4 38. Rfe1 Rd4 39. Qe2 Qf4+ 40.
Kg1 Rxc4 41. Rf1 Qd4 42. Qf2 Qf4 43. Qe2 Qd4 44. Qf2 Qf4 45. Qe1 Qd4 46. Qf2
Qf4 47. Qe2 Qd4 48. Kh2 Rc2 49. Qxc2 Qxe3 50. Qxc6 1-0

[Event "Tradewise Gibraltar AmatWk1"]
[Site "Gibraltar"]
[Date "2016.01.26"]
[Round "2.7"]
[White "Gunn, Michael J"]
[Black "Odiase, Oluwaseun"]
[Result "1/2-1/2"]
[WhiteElo "1632"]
[BlackElo "1834"]
[PlyCount "95"]
[EventDate "2016.01.25"]
[EventType "swiss"]
[EventRounds "5"]
[EventCountry "GGB"]
[SourceTitle "BritBase"]
[Source "www.saund.co.uk"]
[SourceDate "2018.02.10"]
[SourceVersion "1"]
[SourceVersionDate "2018.02.10"]
[SourceQuality "1"]

1. c4 g6 2. g3 Bg7 3. Bg2 Nf6 4. Nc3 d6 5. d3 O-O 6. e3 e5 7. Nge2 c6 8. O-O
Re8 9. Rb1 d5 10. b4 dxc4 11. dxc4 Qxd1 12. Rxd1 Be6 13. b5 Bxc4 14. bxc6 bxc6
15. Rd6 e4 16. Nd4 Bd3 17. Rb7 a6 18. Ba3 Nd5 19. Nxe4 Be5 20. Ng5 Bxd4 21.
Bxd5 cxd5 22. Rxd5 Bxe3 23. fxe3 Bc4 24. Rc5 Bb5 25. Bb2 Nc6 26. Rxf7 Re7 27.
Rxe7 Nxe7 28. Rc7 Re8 29. Bf6 h6 30. Rxe7 Rxe7 31. Bxe7 hxg5 32. Bxg5 Kf7 33.
Kf2 Ke6 34. Kf3 Kf5 35. h4 Bc6+ 36. Ke2 Ke4 37. Bf4 Bd7 38. Kd2 a5 39. a3 a4
40. Kc3 Be6 41. Kb4 Bd7 42. Kc5 Bc8 43. Kd6 Bg4 44. Ke7 Kf5 45. Kf7 Bh5 46. Ke7
Bg4 47. Kd6 Ke4 48. Bg5 1/2-1/2

[Event "Tradewise Gibraltar AmatWk1"]
[Site "Gibraltar"]
[Date "2016.01.26"]
[Round "2.8"]
[White "Christophe-Hayot, Romain"]
[Black "Gaspar, Ioan-Dan"]
[Result "0-1"]
[WhiteElo "1824"]
[BlackElo "1486"]
[PlyCount "83"]
[EventDate "2016.01.25"]
[EventType "swiss"]
[EventRounds "5"]
[EventCountry "GGB"]
[SourceTitle "BritBase"]
[Source "www.saund.co.uk"]
[SourceDate "2018.02.10"]
[SourceVersion "1"]
[SourceVersionDate "2018.02.10"]
[SourceQuality "1"]

1. e4 c5 2. Nf3 Nc6 3. Bb5 g6 4. O-O Bg7 5. c3 a6 6. Bxc6 dxc6 7. d3 Qc7 8. Be3
b6 9. Nbd2 Nf6 10. h3 O-O 11. Qc2 a5 12. a4 Ba6 13. Rfd1 Rad8 14. Nf1 e5 15.
Ng3 Rd7 16. c4 Ne8 17. Bd2 Qd6 18. Bc3 Nc7 19. b3 Ne6 20. Ne2 f5 21. Qb2 Nd4
22. Nexd4 cxd4 23. Bd2 c5 24. Re1 Bc8 25. Nh2 Rdf7 26. f3 Qf6 27. Re2 h5 28.
exf5 Qxf5 29. Qc2 g5 30. g4 hxg4 31. hxg4 Qh7 32. Rae1 Qg6 33. Re4 Qh6 34. Rxe5
Qh3 35. Rxg5 Rxf3 36. Nxf3 Qxf3 37. Kh2 Qf2+ 38. Kh1 Qh4+ 39. Kg1 Qg3+ 40. Kh1
Rf2 41. Rxg7+ Kxg7 42. Bh6+ 0-1

[Event "Tradewise Gibraltar AmatWk1"]
[Site "Gibraltar"]
[Date "2016.01.26"]
[Round "2.10"]
[White "Hermes, Geoff R"]
[Black "Mrabti, Yahya"]
[Result "1-0"]
[WhiteElo "1892"]
[BlackElo "1780"]
[PlyCount "107"]
[EventDate "2016.01.25"]
[EventType "swiss"]
[EventRounds "5"]
[EventCountry "GGB"]
[SourceTitle "BritBase"]
[Source "www.saund.co.uk"]
[SourceDate "2018.02.10"]
[SourceVersion "1"]
[SourceVersionDate "2018.02.10"]
[SourceQuality "1"]

1. e4 c5 2. c3 d5 3. exd5 Qxd5 4. d4 cxd4 5. cxd4 Nc6 6. Nf3 e5 7. Nc3 Bb4 8.
Be3 exd4 9. Nxd4 Nf6 10. Ndb5 O-O 11. a3 Qxd1+ 12. Rxd1 Bxc3+ 13. Nxc3 Ng4 14.
Bf4 Bf5 15. Be2 Rad8 16. Bd6 Rfe8 17. O-O Nf6 18. Bc7 Rc8 19. Bf4 Na5 20. Bb5
Nc6 21. Rd6 Ne4 22. Nxe4 Rxe4 23. Be3 a6 24. Bxc6 bxc6 25. Rc1 Re6 26. Rcxc6
Rxd6 27. Rxd6 Ra8 28. Bc5 h6 29. f3 Be6 30. Kf2 Bc4 31. b4 Re8 32. Be3 Kf8 33.
Rc6 Bb5 34. Rb6 Rc8 35. Bc5+ Kg8 36. a4 Bc4 37. Ke3 Ra8 38. Kd4 Bb3 39. b5 axb5
40. axb5 Ra4+ 41. Ke5 Ra2 42. Rb8+ Kh7 43. b6 Rxg2 44. b7 Rg5+ 45. Kd6 Bd5 46.
Rh8+ Kxh8 47. b8=Q+ Kh7 48. f4 Rh5 49. Bd4 Be6 50. Be5 Rh3 51. Qb1+ Kh8 52. f5
Rb3 53. Qe4 Rb6+ 54. Kc5 1-0

[Event "Tradewise Gibraltar AmatWk1"]
[Site "Gibraltar"]
[Date "2016.01.26"]
[Round "2.11"]
[White "Cruz Fiallos, Hamilton Tarley"]
[Black "Boabaid, Jorge Alberto Duard"]
[Result "1/2-1/2"]
[WhiteElo "1836"]
[BlackElo "1895"]
[PlyCount "169"]
[EventDate "2016.01.25"]
[EventType "swiss"]
[EventRounds "5"]
[EventCountry "GGB"]
[SourceTitle "BritBase"]
[Source "www.saund.co.uk"]
[SourceDate "2018.02.10"]
[SourceVersion "1"]
[SourceVersionDate "2018.02.10"]
[SourceQuality "1"]

1. e4 e5 2. Nf3 Nc6 3. g3 Bc5 4. Bg2 d6 5. O-O Nf6 6. Nc3 Bg4 7. d3 h6 8. Na4
Bb6 9. Nxb6 axb6 10. h3 Be6 11. a3 O-O 12. Re1 Qd7 13. Kh2 Nh7 14. d4 exd4 15.
Nxd4 Nxd4 16. Qxd4 Ra5 17. Bd2 Rh5 18. h4 f5 19. Bf3 Nf6 20. Bxh5 Nxh5 21. exf5
Bxf5 22. Re3 Be6 23. Kg1 Nf6 24. Rae1 Bh3 25. Bc3 Qc6 26. f3 Rf7 27. Kh2 Bd7
28. Qd3 Ng4+ 29. Kg1 Nxe3 30. Rxe3 Qc5 31. Qd4 Qh5 32. Qd1 Bc6 33. Kg2 Qg6 34.
Qe2 Qf5 35. Qd3 Qh5 36. Be1 Rf5 37. c4 Qf7 38. Bc3 b5 39. cxb5 Bxb5 40. Qd4 Bc6
41. Qd3 Rd5 42. Qe2 Bb5 43. Qe1 Rd3 44. Rxd3 Bxd3 45. Qe3 Bc4 46. g4 Be6 47. b4
h5 48. gxh5 Qf5 49. Qd4 Qh3+ 50. Kf2 Qh2+ 51. Ke1 Qg3+ 52. Kd2 Qg2+ 53. Kc1
Qf1+ 54. Qd1 Qxd1+ 55. Kxd1 Bf7 56. h6 gxh6 57. Bd2 h5 58. Bf4 Bb3+ 59. Kd2 Kf7
60. Bh2 Ke6 61. Kd3 Bd1 62. f4 b5 63. Kd4 Kf5 64. Ke3 c5 65. bxc5 dxc5 66. Kd2
Bf3 67. Ke3 Bd5 68. Bg3 Bc6 69. Be1 Kg4 70. Bf2 Kf5 71. Bg3 b4 72. axb4 cxb4
73. Be1 b3 74. Bc3 Kg4 75. Bf6 Bd7 76. Ke4 Bf5+ 77. Ke3 Bg6 78. Kd2 Kxf4 79.
Kc1 Kf5 80. Bd8 Kg4 81. Kb2 Bc2 82. Be7 Kf5 83. Bd8 Kg4 84. Be7 Kf5 85. Bd8
1/2-1/2

[Event "Tradewise Gibraltar AmatWk1"]
[Site "Gibraltar"]
[Date "2016.01.26"]
[Round "2.12"]
[White "Stuhlmann, Alexander"]
[Black "Chidi, Lovinia Sylvia"]
[Result "1-0"]
[WhiteElo "1888"]
[BlackElo "1780"]
[PlyCount "95"]
[EventDate "2016.01.25"]
[EventType "swiss"]
[EventRounds "5"]
[EventCountry "GGB"]
[SourceTitle "BritBase"]
[Source "www.saund.co.uk"]
[SourceDate "2018.02.10"]
[SourceVersion "1"]
[SourceVersionDate "2018.02.10"]
[SourceQuality "1"]

1. c4 Nf6 2. Nc3 d6 3. g3 g6 4. Bg2 Bg7 5. e4 c6 6. Nge2 O-O 7. O-O e5 8. d3
Ne8 9. Be3 Nd7 10. Rb1 f5 11. f4 exf4 12. Bxf4 Ne5 13. h3 Nf6 14. b3 fxe4 15.
dxe4 Be6 16. Kh2 Qc7 17. Qd2 Nh5 18. Rbd1 Rad8 19. Nd4 Bc8 20. Nce2 Nxf4 21.
gxf4 Nf7 22. Ng3 Bh6 23. Rf3 d5 24. exd5 cxd5 25. Nb5 Qb8 26. cxd5 a6 27. Nc3
Ne5 28. Rf2 Nf7 29. Rdf1 Nd6 30. Nce2 Nf5 31. Nxf5 Rxf5 32. Ng3 Rf6 33. Qd4 Bg7
34. Qc4 Bf5 35. Nxf5 gxf5 36. d6+ Kh8 37. Qc7 Rfxd6 38. Qxb7 Qxb7 39. Bxb7 Rd2
40. Bxa6 Bc3 41. Bc4 Kg7 42. Kg2 Rxf2+ 43. Rxf2 Rd2 44. Rxd2 Bxd2 45. Kf3 Kf6
46. a4 h6 47. Ke2 Bxf4 48. a5 1-0

[Event "Tradewise Gibraltar AmatWk1"]
[Site "Gibraltar"]
[Date "2016.01.26"]
[Round "2.13"]
[White "Schimmer, Michael"]
[Black "Ocana, Jeremy"]
[Result "1-0"]
[WhiteElo "1782"]
[BlackElo "1706"]
[PlyCount "43"]
[EventDate "2016.01.25"]
[EventType "swiss"]
[EventRounds "5"]
[EventCountry "GGB"]
[SourceTitle "BritBase"]
[Source "www.saund.co.uk"]
[SourceDate "2018.02.10"]
[SourceVersion "1"]
[SourceVersionDate "2018.02.10"]
[SourceQuality "1"]

1. e4 d6 2. d4 Nf6 3. Nc3 e5 4. Nf3 Nbd7 5. Bc4 Be7 6. O-O c6 7. a4 O-O 8. Re1
h6 9. h3 Re8 10. b3 Bf8 11. Bb2 g6 12. Qd2 Bg7 13. Rad1 Qa5 14. Ba3 c5 15. Nb5
Qb6 16. a5 Qd8 17. Nxd6 cxd4 18. Bxf7+ Kh7 19. Nxe8 Nxe8 20. c3 Bf8 21. Bxf8
Nxf8 22. Nxe5 1-0

[Event "Tradewise Gibraltar AmatWk1"]
[Site "Gibraltar"]
[Date "2016.01.26"]
[Round "2.14"]
[White "Ristoja, Aulikki"]
[Black "Bajer, Renato"]
[Result "0-1"]
[WhiteElo "1644"]
[BlackElo "1890"]
[PlyCount "108"]
[EventDate "2016.01.25"]
[EventType "swiss"]
[EventRounds "5"]
[EventCountry "GGB"]
[SourceTitle "BritBase"]
[Source "www.saund.co.uk"]
[SourceDate "2018.02.10"]
[SourceVersion "1"]
[SourceVersionDate "2018.02.10"]
[SourceQuality "1"]

1. d4 f5 2. c4 Nf6 3. Nc3 d6 4. Nf3 g6 5. g3 Bg7 6. Bg2 O-O 7. O-O Qe8 8. Nd5
Nxd5 9. cxd5 Nd7 10. Ng5 Nb6 11. Ne6 Bxe6 12. dxe6 d5 13. a4 c6 14. b3 Rf6 15.
a5 Nc8 16. f3 Rxe6 17. e4 dxe4 18. fxe4 Rd6 19. Be3 c5 20. Ra4 cxd4 21. Bf2
fxe4 22. Bxe4 Rb8 23. Qf3 Qd7 24. Be1 Rf6 25. Qd3 Rxf1+ 26. Kxf1 Nd6 27. Bf3
Qb5 28. Qxb5 Nxb5 29. Rc4 e5 30. Bd5+ Kf8 31. Bb4+ Ke8 32. Rc5 a6 33. Rc2 Kd7
34. Rf2 Nd6 35. Bg2 Nf5 36. Bh3 Bf8 37. Bd2 Ke6 38. b4 b6 39. Re2 bxa5 40. bxa5
Bb4 41. Bf4 Bd6 42. Bd2 Kd5 43. Bg2+ Kc4 44. Be1 Ne3+ 45. Kg1 Nxg2 46. Kxg2 Kd5
47. Rf2 Rb7 48. Rf6 e4 49. Rf2 e3 50. Ra2 Ke4 51. Ra4 Kd3 52. Ra2 Rb1 53. Kf1
Bb4 54. Re2 Bxa5 0-1

[Event "Tradewise Gibraltar AmatWk1"]
[Site "Gibraltar"]
[Date "2016.01.26"]
[Round "2.15"]
[White "Hunt, Caro"]
[Black "Guardia Bencomo, Tomas"]
[Result "0-1"]
[WhiteElo "1634"]
[BlackElo "1863"]
[PlyCount "35"]
[EventDate "2016.01.25"]
[EventType "swiss"]
[EventRounds "5"]
[EventCountry "GGB"]
[SourceTitle "BritBase"]
[Source "www.saund.co.uk"]
[SourceDate "2018.02.10"]
[SourceVersion "1"]
[SourceVersionDate "2018.02.10"]
[SourceQuality "1"]

1. e4 c6 2. d4 d5 3. exd5 cxd5 4. c4 e6 5. Nc3 Nf6 6. Nf3 Bb4 7. cxd5 Nxd5 8.
Bd2 Nc6 9. Bd3 Bxc3 10. bxc3 Qc7 11. Rc1 Nf4 12. Bxf4 Qxf4 13. O-O O-O 14. Re1
f5 15. Ne5 Nxe5 16. Rxe5 Bd7 17. g3 Qh6 18. Qe2 0-1

[Event "Tradewise Gibraltar AmatWk1"]
[Site "Gibraltar"]
[Date "2016.01.26"]
[Round "2.16"]
[White "Iglesias Fernandez, Luis"]
[Black "Minor, Harry"]
[Result "1-0"]
[WhiteElo "1862"]
[BlackElo "1635"]
[PlyCount "57"]
[EventDate "2016.01.25"]
[EventType "swiss"]
[EventRounds "5"]
[EventCountry "GGB"]
[SourceTitle "BritBase"]
[Source "www.saund.co.uk"]
[SourceDate "2018.02.10"]
[SourceVersion "1"]
[SourceVersionDate "2018.02.10"]
[SourceQuality "1"]

1. e4 g6 2. d4 Bg7 3. Nc3 d6 4. Bg5 h6 5. Be3 Nd7 6. f3 e5 7. Bc4 a6 8. Bb3
Ngf6 9. Qd2 exd4 10. Bxd4 O-O 11. Nge2 Nc5 12. Nf4 Nxb3 13. axb3 Be6 14. h4 Nd7
15. Bxg7 Kxg7 16. h5 g5 17. Nfd5 Bxd5 18. Nxd5 c6 19. Qd4+ Kh7 20. Ne3 Qf6 21.
O-O-O Qxd4 22. Rxd4 Rad8 23. Rxd6 Nc5 24. Rhd1 Rxd6 25. Rxd6 Ne6 26. Rd7 b5 27.
Nf5 Ng7 28. Nxg7 Kxg7 29. Rc7 1-0

[Event "Tradewise Gibraltar AmatWk1"]
[Site "Gibraltar"]
[Date "2016.01.26"]
[Round "2.17"]
[White "Lopez Diaz, Rafael"]
[Black "Oliva Parra, Ernesto"]
[Result "1/2-1/2"]
[WhiteElo "1854"]
[BlackElo "1602"]
[PlyCount "100"]
[EventDate "2016.01.25"]
[EventType "swiss"]
[EventRounds "5"]
[EventCountry "GGB"]
[SourceTitle "BritBase"]
[Source "www.saund.co.uk"]
[SourceDate "2018.02.10"]
[SourceVersion "1"]
[SourceVersionDate "2018.02.10"]
[SourceQuality "1"]

1. e4 e5 2. Nf3 Nc6 3. Bc4 h6 4. O-O Nf6 5. Re1 Bc5 6. b4 Bxb4 7. c3 Ba5 8. d4
d6 9. d5 Ne7 10. Qa4+ c6 11. dxc6 Nxc6 12. Ba3 O-O 13. Rd1 Bc7 14. Bb5 Bd7 15.
Bxd6 Bxd6 16. Rxd6 a6 17. Bxc6 Bxc6 18. Rxd8 Bxa4 19. Rxa8 Rxa8 20. Nbd2 Nd7
21. Rb1 Bc6 22. Ne1 Nc5 23. f3 Rd8 24. Nc4 f6 25. Ne3 Rd2 26. a3 Na4 27. c4 Nc3
28. Ra1 Ba4 29. Kf1 Bb3 30. Rc1 Ne2 31. Rb1 Nd4 32. Rc1 Ra2 33. Nd3 Rxa3 34.
Nc5 Ba4 35. Nd5 Nb3 36. Nxb3 Rxb3 37. Re1 Bc6 38. Ne7+ Kf7 39. Nf5 Rb2 40. Ne3
Ke7 41. Ra1 Rb3 42. Nf5+ Kf7 43. Ra2 Bd7 44. Ng3 Rc3 45. Rb2 Rxc4 46. Rxb7 Ke6
47. Nf5 g6 48. Nxh6 Bb5 49. Ke1 Rc1+ 50. Kd2 Rc6 1/2-1/2

[Event "Tradewise Gibraltar AmatWk1"]
[Site "Gibraltar"]
[Date "2016.01.26"]
[Round "2.18"]
[White "Ledezma Panades, Hernan Javier"]
[Black "Bullock, Lee"]
[Result "1-0"]
[WhiteElo "1846"]
[BlackElo "1549"]
[PlyCount "75"]
[EventDate "2016.01.25"]
[EventType "swiss"]
[EventRounds "5"]
[EventCountry "GGB"]
[SourceTitle "BritBase"]
[Source "www.saund.co.uk"]
[SourceDate "2018.02.10"]
[SourceVersion "1"]
[SourceVersionDate "2018.02.10"]
[SourceQuality "1"]

1. d4 Nf6 2. Bg5 e6 3. e4 Be7 4. Bd3 c6 5. c3 O-O 6. Nf3 d5 7. Bxf6 Bxf6 8.
Nbd2 g6 9. h4 h6 10. e5 Bg7 11. Qc2 b6 12. O-O c5 13. Rfe1 Ba6 14. Bxa6 Nxa6
15. Qd3 c4 16. Qe3 b5 17. Qf4 b4 18. Re3 bxc3 19. bxc3 Rb8 20. Nh2 Rb2 21. Rg3
h5 22. Ndf3 Qa5 23. Ng5 Qa4 24. Rf3 Rxa2 25. Rxa2 Qxa2 26. g4 Qb1+ 27. Kg2 hxg4
28. Nxg4 Qf5 29. Qg3 Qb1 30. h5 gxh5 31. Nf6+ Kh8 32. Nd7 Rg8 33. Nxf7+ Kh7 34.
Ng5+ Kh8 35. Rf6 Qe4+ 36. Rf3 Qg4 37. Qxg4 hxg4 38. Rf7 1-0

[Event "Tradewise Gibraltar AmatWk1"]
[Site "Gibraltar"]
[Date "2016.01.26"]
[Round "2.19"]
[White "Dennis, Nigel W"]
[Black "Crouch, Timothy J"]
[Result "1-0"]
[WhiteElo "1820"]
[BlackElo "1541"]
[PlyCount "79"]
[EventDate "2016.01.25"]
[EventType "swiss"]
[EventRounds "5"]
[EventCountry "GGB"]
[SourceTitle "BritBase"]
[Source "www.saund.co.uk"]
[SourceDate "2018.02.10"]
[SourceVersion "1"]
[SourceVersionDate "2018.02.10"]
[SourceQuality "1"]

1. e4 c5 2. Nf3 d6 3. d4 cxd4 4. Nxd4 Nf6 5. Nc3 a6 6. Be2 g6 7. O-O Bg7 8. a4
O-O 9. Be3 Nc6 10. f4 Nxd4 11. Bxd4 e5 12. fxe5 dxe5 13. Bxe5 Qb6+ 14. Qd4
Qxd4+ 15. Bxd4 Nh5 16. Bxg7 Nxg7 17. Nd5 Be6 18. Nf6+ Kh8 19. Rad1 Rfd8 20.
Rxd8+ Rxd8 21. Rd1 Rxd1+ 22. Bxd1 Bc8 23. Kf2 h5 24. Ke3 Ne6 25. c3 Kg7 26.
Ne8+ Kf8 27. Nd6 Bd7 28. Nxb7 Ke7 29. b4 Bc6 30. Na5 Bd7 31. Bb3 Nc7 32. c4 Na8
33. c5 Nc7 34. c6 Bc8 35. e5 Bf5 36. Kd4 Bc8 37. Kc5 Na8 38. b5 axb5 39. axb5
Be6 40. Bxe6 1-0

[Event "Tradewise Gibraltar AmatWk1"]
[Site "Gibraltar"]
[Date "2016.01.26"]
[Round "2.20"]
[White "Longdin, Michael"]
[Black "Tveten, Per"]
[Result "1-0"]
[WhiteElo "1813"]
[BlackElo "1535"]
[PlyCount "84"]
[EventDate "2016.01.25"]
[EventType "swiss"]
[EventRounds "5"]
[EventCountry "GGB"]
[SourceTitle "BritBase"]
[Source "www.saund.co.uk"]
[SourceDate "2018.02.10"]
[SourceVersion "1"]
[SourceVersionDate "2018.02.10"]
[SourceQuality "1"]

1. d4 d5 2. Nf3 Nf6 3. e3 Bf5 4. c4 c6 5. cxd5 cxd5 6. Bb5+ Nc6 7. Ne5 Rc8 8.
Qa4 Qb6 9. Bd2 a6 10. Bxc6+ bxc6 11. Nc3 e6 12. Rc1 Bd6 13. O-O Bxe5 14. dxe5
Nd7 15. f4 Bd3 16. Rf2 O-O 17. Qd4 Qxd4 18. exd4 c5 19. Be3 cxd4 20. Bxd4 Be4
21. Re1 Bf5 22. b4 f6 23. exf6 Nxf6 24. h3 h5 25. Bxf6 Rxf6 26. Na4 Rc4 27. a3
Rg6 28. Kh2 Bc2 29. Nc5 a5 30. Rc1 Bf5 31. Rxc4 dxc4 32. Rf3 axb4 33. axb4 e5
34. fxe5 Rb6 35. Rxf5 Rxb4 36. e6 c3 37. e7 Rb8 38. Nd7 c2 39. Nxb8 c1=Q 40.
e8=Q+ Kh7 41. Rxh5+ Qh6 42. Rxh6+ Kxh6 1-0

[Event "Tradewise Gibraltar AmatWk1"]
[Site "Gibraltar"]
[Date "2016.01.27"]
[Round "3.1"]
[White "Wilson, Matthew R"]
[Black "Garcia-Blazquez Perez, Manuel"]
[Result "1-0"]
[WhiteElo "1873"]
[BlackElo "1858"]
[PlyCount "70"]
[EventDate "2016.01.25"]
[EventType "swiss"]
[EventRounds "5"]
[EventCountry "GGB"]
[SourceTitle "BritBase"]
[Source "www.saund.co.uk"]
[SourceDate "2018.02.10"]
[SourceVersion "1"]
[SourceVersionDate "2018.02.10"]
[SourceQuality "1"]

1. e4 d5 2. exd5 Qxd5 3. Nc3 Qd8 4. d4 g6 5. Nf3 Nh6 6. Bc4 Nf5 7. O-O Bg7 8.
Be3 O-O 9. Ne4 Nd6 10. Nxd6 Qxd6 11. c3 Bg4 12. h3 Bxf3 13. Qxf3 c6 14. Rfe1
Qf6 15. Qg3 b5 16. Bd3 h6 17. Qc7 Qd6 18. Qxd6 exd6 19. Bf4 d5 20. Re7 Rc8 21.
Rae1 Bf8 22. Rb7 a5 23. Re3 Na6 24. h4 Rd8 25. Rf3 Re8 26. Kf1 Re7 27. Rb6 Re6
28. a4 g5 29. hxg5 hxg5 30. Bg3 Rae8 31. Kg1 Re1+ 32. Bf1 Rb1 33. Re3 Rxe3 34.
fxe3 bxa4 35. Rxa6 Rxb2 1-0

[Event "Tradewise Gibraltar AmatWk1"]
[Site "Gibraltar"]
[Date "2016.01.27"]
[Round "3.2"]
[White "Selva Salvador, Antonio"]
[Black "Joachim, Rodny"]
[Result "0-1"]
[WhiteElo "1862"]
[BlackElo "1659"]
[PlyCount "114"]
[EventDate "2016.01.25"]
[EventType "swiss"]
[EventRounds "5"]
[EventCountry "GGB"]
[SourceTitle "BritBase"]
[Source "www.saund.co.uk"]
[SourceDate "2018.02.10"]
[SourceVersion "1"]
[SourceVersionDate "2018.02.10"]
[SourceQuality "1"]

1. d4 d5 2. Nf3 Nf6 3. c4 c6 4. Nc3 e6 5. e3 Nbd7 6. Bd3 Bd6 7. O-O O-O 8. b3
dxc4 9. Bxc4 Qc7 10. Bb2 e5 11. dxe5 Nxe5 12. Nxe5 Bxe5 13. h3 b5 14. Be2 Bf5
15. Rc1 Qe7 16. g4 Be6 17. Bf3 Rad8 18. Qe2 b4 19. Na4 Bxb2 20. Nxb2 h5 21.
Rxc6 hxg4 22. hxg4 Bd5 23. Bxd5 Rxd5 24. Rc4 Rfd8 25. Rd1 Rxd1+ 26. Nxd1 Qd7
27. Rd4 Qe7 28. Qd2 Rxd4 29. Qxd4 g6 30. Nb2 Kh7 31. Nd3 a5 32. f3 Kg8 33. Kg2
Qd7 34. Qxd7 Nxd7 35. f4 Kg7 36. Kf3 Kf6 37. Ke4 Ke6 38. Kd4 Kd6 39. Ne5 Nxe5
40. fxe5+ Ke6 41. Ke4 Kd7 42. Kd5 Ke7 43. Kc5 Ke6 44. Kd4 Kd7 45. Kd5 Ke7 46.
Kc5 Ke6 47. Kb5 Kxe5 48. Kxa5 f5 49. gxf5 g5 50. Kxb4 g4 51. a4 g3 52. a5 g2
53. a6 g1=Q 54. Kb5 Qxe3 55. b4 Kd6 56. Ka5 Kc6 57. f6 Qa3# 0-1

[Event "Tradewise Gibraltar AmatWk1"]
[Site "Gibraltar"]
[Date "2016.01.27"]
[Round "3.3"]
[White "Gaspar, Ioan-Dan"]
[Black "Stuhlmann, Alexander"]
[Result "1-0"]
[WhiteElo "1486"]
[BlackElo "1888"]
[PlyCount "69"]
[EventDate "2016.01.25"]
[EventType "swiss"]
[EventRounds "5"]
[EventCountry "GGB"]
[SourceTitle "BritBase"]
[Source "www.saund.co.uk"]
[SourceDate "2018.02.10"]
[SourceVersion "1"]
[SourceVersionDate "2018.02.10"]
[SourceQuality "1"]

1. e4 c5 2. Nc3 Nc6 3. g3 g6 4. Bg2 Bg7 5. f4 d6 6. Nf3 e6 7. d3 Nge7 8. Ne2
O-O 9. c3 f5 10. Be3 b6 11. Qd2 Bb7 12. h4 h5 13. Ng5 Qd7 14. d4 cxd4 15. Nxd4
Nxd4 16. Bxd4 Rad8 17. Bxg7 Kxg7 18. O-O-O Bc6 19. Qd4+ Kg8 20. Rhe1 Nc8 21.
Bf1 Rfe8 22. Qf6 Qg7 23. e5 Bd7 24. Qxg7+ Kxg7 25. exd6 Kf6 26. Bc4 b5 27. Bb3
Nb6 28. Re5 Rc8 29. Rde1 Nc4 30. Bxc4 Rxc4 31. Kc2 a6 32. R5e3 Rc6 33. Rd1 Rec8
34. Nf3 b4 35. Ne5 1-0

[Event "Tradewise Gibraltar AmatWk1"]
[Site "Gibraltar"]
[Date "2016.01.27"]
[Round "3.4"]
[White "Flanagan, Samuel"]
[Black "Hermes, Geoff R"]
[Result "1/2-1/2"]
[WhiteElo "1783"]
[BlackElo "1892"]
[PlyCount "56"]
[EventDate "2016.01.25"]
[EventType "swiss"]
[EventRounds "5"]
[EventCountry "GGB"]
[SourceTitle "BritBase"]
[Source "www.saund.co.uk"]
[SourceDate "2018.02.10"]
[SourceVersion "1"]
[SourceVersionDate "2018.02.10"]
[SourceQuality "1"]

1. e4 d6 2. d4 Nf6 3. Nc3 c6 4. f4 Qa5 5. Bd3 e5 6. Nf3 exd4 7. Nxd4 g6 8. Nb3
Qc7 9. O-O Bg7 10. f5 Nbd7 11. Be3 Ne5 12. Qd2 O-O 13. Bh6 Bxh6 14. Qxh6 Neg4
15. Qf4 Qe7 16. h3 Ne5 17. fxg6 fxg6 18. Qg5 Nxd3 19. cxd3 Qe5 20. Qe3 Qe7 21.
Rae1 Bd7 22. d4 Nh5 23. g4 Ng7 24. Qg3 Rxf1+ 25. Rxf1 Rf8 26. Rxf8+ Kxf8 27.
Qf4+ Kg8 28. Kg2 Ne6 1/2-1/2

[Event "Tradewise Gibraltar AmatWk1"]
[Site "Gibraltar"]
[Date "2016.01.27"]
[Round "3.5"]
[White "Schimmer, Michael"]
[Black "Sevillano Garcia, Joaquin"]
[Result "1-0"]
[WhiteElo "1782"]
[BlackElo "1867"]
[PlyCount "85"]
[EventDate "2016.01.25"]
[EventType "swiss"]
[EventRounds "5"]
[EventCountry "GGB"]
[SourceTitle "BritBase"]
[Source "www.saund.co.uk"]
[SourceDate "2018.02.10"]
[SourceVersion "1"]
[SourceVersionDate "2018.02.10"]
[SourceQuality "1"]

1. e4 e6 2. d4 d5 3. Nc3 dxe4 4. Nxe4 Nd7 5. Nf3 Ngf6 6. Nxf6+ Nxf6 7. Ne5 Be7
8. c3 O-O 9. Bd3 c5 10. O-O cxd4 11. cxd4 Qd5 12. Bg5 h6 13. Bh4 Qd8 14. Rc1
Nd5 15. Bg3 Bd7 16. a3 Bg5 17. f4 Ne3 18. Qe2 Nxf1 19. fxg5 Nxg3 20. hxg3 Qxg5
21. Rc5 Qe7 22. Qe4 f5 23. Qxb7 Qg5 24. Qxd7 Rf6 25. Bc4 Qxg3 26. Bxe6+ Kh8 27.
Nf3 Qf4 28. Rc7 Qg3 29. Rc8+ Rf8 30. Rxa8 Rxa8 31. Bxf5 Qf4 32. Qf7 Qg3 33. b4
Rd8 34. b5 Qd6 35. a4 Rf8 36. Qg6 Qxg6 37. Bxg6 Rf6 38. Bd3 g5 39. Ne5 Kg7 40.
Nc6 g4 41. Nxa7 g3 42. a5 Rf2 43. b6 1-0